Catalog

Record Details

Catalog Search



Born to be killed / William W. Johnstone and J. A. ... Read More

Johnstone, J. A.,(author.). Roberts, Cody,(narrator.).
Series: Smoke Jensen ; 7

Available copies

  • 1 of 2 copies available at LARL/NWRL Consortium.
  • 1 of 2 copies available at Lake Agassiz Regional Library. (Show preferred library)

Current holds

0 current holds with 2 total copies.

Show Only Available Copies
Location Call Number / Copy Notes Barcode Shelving Location Status Due Date
Barnesville Public Library CD TALKING BOOK W JOH (Text) 33500014392005 Main Available -
Breckenridge Public Library CD TALKING BOOK W JOH (Text) 33500014392013 Main Checked out 07/07/2026

Record details

  • ISBN: 9798228793248
  • ISBN: 9798228793255
  • Physical Description: 8 audio discs (9 hr., 41 min.) : CD audio, digital ... Read More
  • Edition: Unabridged.
  • Publisher: [Old Saybrook, Connecticut] : Tantor, [2026]

Content descriptions

General Note:
Compact discs.
Participant or Performer Note:
Read by Cody Roberts.
Summary, etc.:
When a wagon train of young Civil War widows and ... Read More
Subject: Jensen, Smoke > Fiction.
Wagon trains > Fiction.
War widows > Fiction.
Orphans > Fiction.
Frontier and pioneer life > West (U.S.) > Fiction.
Colorado > Fiction.
Wyoming > Fiction.
FICTION / Westerns.
FICTION / Historical / General.
FICTION / Action & Adventure.
Genre: Western stories.
Historical fiction.
Audiobooks.
Western fiction.
Historical fiction.
LDR 03027nim a22006617i 4500
001489323
003LARL_NWRL_CONSORTIUM
00520260604153653.0
008260415s2026 ctunnnne f n eng d
007sd fsngnnmmned
040 . ‡aBLACP ‡beng ‡erda ‡cBLACP ‡dOCLCO
020 . ‡a9798228793248 ‡q(sound recording ; ‡qBlackstone Library CD)
020 . ‡a9798228793255 ‡q(sound recording ; ‡qBlackstone Retail CD)
035 . ‡a(OCoLC)1586299953
037 . ‡aZPwsc1 ‡bBlackstone Publishing
037 . ‡aZEwsc1 ‡bBlackstone Publishing
08204. ‡a813/.54 ‡223
1001 . ‡aJohnstone, William W., ‡eauthor. ‡1https://id.oclc.org/worldcat/entity/E39PBJfWYFK8HqQW8kJ3CPk4bd ‡0(LARL_NWRL_CONSORTIUM)91523
24510. ‡aBorn to be killed / ‡cWilliam W. Johnstone and J. A. Johnstone.
250 . ‡aUnabridged.
264 1. ‡a[Old Saybrook, Connecticut] : ‡bTantor, ‡c[2026]
300 . ‡a8 audio discs (9 hr., 41 min.) : ‡bCD audio, digital ; ‡c4 3/4 in.
336 . ‡aspoken word ‡bspw ‡2rdacontent
337 . ‡aaudio ‡bs ‡2rdamedia
338 . ‡aaudio disc ‡bsd ‡2rdacarrier
344 . ‡adigital ‡2rdatr
344 . ‡boptical ‡2rdarm
347 . ‡aaudio file ‡2rdaft
347 . ‡bCD audio
4900 . ‡aSmoke Jensen ; ‡v7
500 . ‡aCompact discs.
5110 . ‡aRead by Cody Roberts.
520 . ‡aWhen a wagon train of young Civil War widows and orphans passes through Big Rock, Colorado on their way to Purgatory Butte, Wyoming, Smoke Jensen's wife Sally offers to help the women by volunteering her husband's protection on the treacherous journey north. In spite of his doubts, Smoke agrees. The trouble starts before they even leave town. First a pack of ruffians harass the women, then a pair of saloon girls decide to join the wagon train. To top things off, Sally insists on coming along, giving Smoke one more thing to worry about.
60010. ‡aJensen, Smoke ‡vFiction.
650 0. ‡aWagon trains ‡vFiction.
650 0. ‡aWar widows ‡vFiction.
650 0. ‡aOrphans ‡vFiction. ‡0(LARL_NWRL_CONSORTIUM)166482
650 0. ‡aFrontier and pioneer life ‡zWest (U.S.) ‡vFiction. ‡0(LARL_NWRL_CONSORTIUM)165182
651 0. ‡aColorado ‡vFiction. ‡0(LARL_NWRL_CONSORTIUM)164053
651 0. ‡aWyoming ‡vFiction. ‡0(LARL_NWRL_CONSORTIUM)167872
650 7. ‡aFICTION / Westerns. ‡2bisacsh
650 7. ‡aFICTION / Historical / General. ‡2bisacsh
650 7. ‡aFICTION / Action & Adventure. ‡2bisacsh
655 7. ‡aWestern stories. ‡2gsafd
655 7. ‡aHistorical fiction. ‡2gsafd
655 7. ‡aAudiobooks. ‡2lcgft ‡0(LARL_NWRL_CONSORTIUM)175801
655 7. ‡aWestern fiction. ‡2lcgft
655 7. ‡aHistorical fiction. ‡2lcgft
7001 . ‡aJohnstone, J. A., ‡eauthor. ‡1https://id.oclc.org/worldcat/entity/E39PCjyJv4XkRTCpGMXCXb9ftq ‡0(LARL_NWRL_CONSORTIUM)196048
7001 . ‡aRoberts, Cody, ‡enarrator.
901 . ‡a489323 ‡bAUTOGEN ‡c489323 ‡tbiblio

Additional Resources